Harry Potter Next Generation - Statistics

General Stats
  • This quiz has been taken 450 times
  • The average score is 12 of 15
Answer Stats
Hint Answer % Correct
Harry and Ginny's son, named after Hogwarts headmasters Albus
96%
Son of Harry and Ginny, named after his Grandfather James
96%
Only daughter of Ron and Hermione Rose
96%
Son of George and Angelina, named after his dead uncle Fred
95%
Harry and Ginny's daughter, named after her Grandmother Lily
95%
Another Malfoy... Scorpius
94%
Only son of Ron and Hermione Hugo
93%
Daughter of Percy and Audrey, named after her Grandmother Molly
88%
Orphan, Metamorphmagus Teddy
87%
Bill and Fleur's eldest daughter Victoire
82%
... and his sister? Roxanne
74%
... and her brother? Louis
72%
Bill and Fleur's other daughter Dominique
69%
Other daughter of Percy and Audrey Lucy
69%
Twins of Luna and Newt Lorcan and Lysander
42%
No matching quizzes found
Score Distribution
Percent of People with Each Score
Percentile by Number Answered
Your Score History
You have not taken this quiz